Caramel Moon (Candy Fairies)

Tallennettuna:
Bibliografiset tiedot
Päätekijä: Perelman, Helen
Aineistotyyppi: Kirja
Kieli:English
Julkaistu: New York : Aladdin, 2010.
Tagit: Lisää tagi
Ei tageja, Lisää ensimmäinen tagi!
LEADER 00647cam a22001817a 4500
001 (Sirsi) a47963
005 20190330131838.0
008 140303n2010 xx |||||||||||000|0|eng|d
020 |a 9781442459229 
040 |a SMLIBRARY  |b eng  |c SMLIBRARY  |e AACR2 
100 1 |a Perelman, Helen 
245 1 |a Caramel Moon (Candy Fairies) 
260 |a New York :   |b Aladdin,   |c 2010. 
903 |a  SMLNEWITEM, SMLPOPULAR 
904 |a 1 
942 |2 ddc  |c JRBOOK 
952 |0 0  |1 0  |2 ddc  |4 0  |6 JS_PER  |7 0  |8 JUNIOR | JFIC  |9 3869  |a SMLIBRARY  |b SMLIBRARY  |c JUNIOR  |d 2014-03-03  |g 45.35  |l 9  |o JS PER  |p BK10032655K  |r 2020-02-06 00:00:00  |s 2020-01-16  |t 1  |v 45.35  |w 2019-06-25  |y JRBOOK 
999 |c 3340  |d 3340